Pays les plus proches de Turkménistan - une minute sprint - Statistiques

Statistiques générales
  • Ce quiz a été pris 170 fois
  • Le résultat moyen est 14 sur 20
Statistiques - réponses
km pays % Correct
0 Ouzbékistan
92%
0 Iran
88%
321 Russie
85%
110 Tadjikistan
85%
0 Kazakhstan
84%
442 Pakistan
82%
199 Azerbaïdjan
80%
698 Irak
80%
0 Afghanistan
77%
731 Inde
76%
616 Chine
73%
529 Arménie
71%
676 Turquie
70%
479 Géorgie
68%
290 Kirghizistan
66%
958 Syrie
63%
1107 Arabie Saoudite
46%
975 Koweït
43%
1168 Émirats arabes unis
32%
1122 Oman
24%
Aucun quiz correspondant
Distribution des résultats
% des personnes avec chaque résultat
Percentile par nombre de réponses
Votre historique - résultats
Vous n’avez pas pris ce quiz